[Event "Hastings Premier 1973/74 49th"]
[Site "Hastings"]
[Date "1973.12.27"]
[Round "1"]
[White "Basman, Michael John"]
[Black "Stean, Michael Frank"]
[Result "1-0"]
[WhiteElo "2385"]
[BlackElo "2320"]
[PlyCount "51"]
[EventDate "1973.12.27"]
[EventType "tourn"]
[EventRounds "15"]
[EventCountry "ENG"]
[EventCategory "9"]
[SourceTitle "Britbase"]

1. e4 c5 2. Nf3 d6 3. Be2 Nc6 4. c3 Nf6 5. d4 cxd4 6. cxd4 Nxe4 7. d5 Qa5+ 8.
Nc3 Nxc3 9. bxc3 Ne5 10. Nxe5 Qxc3+ 11. Bd2 Qxe5 12. O-O Qxd5 13. Rb1 e6 14.
Bb5+ Bd7 15. Bxd7+ Kxd7 16. Qa4+ Kd8 17. Rb5 Qc6 18. Rc1 Qa6 19. Ra5 Qd3 20.
Be3 d5 21. Rxa7 Rxa7 22. Qxa7 Ba3 23. Qb8+ Ke7 24. Bg5+ f6 25. Qxb7+ Kd6 26.
Qc7# 1-0

[Event "Hastings Premier 1973/74 49th"]
[Site "Hastings"]
[Date "1973.12.27"]
[Round "1"]
[White "Hartston, William Roland"]
[Black "Timman, Jan H"]
[Result "0-1"]
[WhiteElo "2470"]
[BlackElo "2470"]
[PlyCount "130"]
[EventDate "1973.12.27"]
[EventType "tourn"]
[EventRounds "15"]
[EventCountry "ENG"]
[EventCategory "9"]
[SourceTitle "Britbase"]

1. e4 g6 2. d4 d6 3. Nc3 Bg7 4. f4 Nf6 5. e5 Nfd7 6. Nf3 c5 7. e6 fxe6 8. Ng5
Nf6 9. dxc5 Nc6 10. Bd3 dxc5 11. O-O O-O 12. Qe1 Nb4 13. Nxe6 Nxd3 14. cxd3
Bxe6 15. Qxe6+ Kh8 16. Be3 Rc8 17. Rad1 Rc6 18. Qh3 Nd5 19. Nxd5 Qxd5 20. b3 b6
21. Qf3 Rd6 22. Qxd5 Rxd5 23. Kf2 e5 24. Ke2 Bh6 25. g3 exf4 26. Bxf4 Bxf4 27.
gxf4 Rd4 28. Ke3 Re8+ 29. Kd2 Rf8 30. Ke3 Kg7 31. Rf3 Rf7 32. Rg1 Kf6 33. h4
Rfd7 34. Ke2 R7d5 35. Rg5 h6 36. Rg1 Kf5 37. h5 gxh5 38. Rh3 Kf6 39. Rg8 Kf7
40. Ra8 a5 41. Ra7+ Kf6 42. Ra8 Kf7 43. Ra7+ Kf6 44. Ra8 Rd6 45. Rxh5 Kg6 46.
Rh4 Rxd3 47. Rg8+ Kf7 48. Rhg4 R3d5 49. R4g7+ Kf6 50. Rh7 Kf5 51. Rf8+ Kg6 52.
Rff7 Rd2+ 53. Ke3 Rxa2 54. Rhg7+ Kh5 55. Rg1 Rb2 56. Ke4 Rxb3 57. Ke5 Rbd3 58.
Rfg7 Rd1 59. f5 a4 60. f6 a3 61. R1g3 R1d5+ 62. Ke4 Rg5 63. R7xg5+ hxg5 64. f7
Rd4+ 65. Ke3 Rd8 0-1

[Event "Hastings Premier 1973/74 49th"]
[Site "Hastings"]
[Date "1973.12.27"]
[Round "1"]
[White "Keene, Raymond Dennis"]
[Black "Benko, Pal"]
[Result "1/2-1/2"]
[WhiteElo "2445"]
[BlackElo "2530"]
[PlyCount "30"]
[EventDate "1973.12.27"]
[EventType "tourn"]
[EventRounds "15"]
[EventCountry "ENG"]
[EventCategory "9"]
[SourceTitle "Britbase"]

1. Nf3 Nf6 2. c4 g6 3. g3 Bg7 4. Bg2 O-O 5. O-O c6 6. d4 d5 7. cxd5 cxd5 8. Nc3
Ne4 9. Ne5 Bf5 10. Qb3 Nc6 11. Qxd5 Nxc3 12. bxc3 Qxd5 13. Bxd5 Nxe5 14. dxe5
Bxe5 15. Ba3 Rac8 1/2-1/2

[Event "Hastings Premier 1973/74 49th"]
[Site "Hastings"]
[Date "1973.12.27"]
[Round "1"]
[White "Kuzmin, Gennadi P"]
[Black "Pytel, Krzysztof"]
[Result "1-0"]
[WhiteElo "2575"]
[BlackElo "2390"]
[PlyCount "67"]
[EventDate "1973.12.27"]
[EventType "tourn"]
[EventRounds "15"]
[EventCountry "ENG"]
[EventCategory "9"]
[SourceTitle "Britbase"]

1. e4 c5 2. Nf3 d6 3. d4 cxd4 4. Nxd4 Nf6 5. Nc3 a6 6. Bg5 Nc6 7. Qd2 e6 8.
O-O-O Bd7 9. f4 Be7 10. Nf3 b5 11. Bxf6 gxf6 12. f5 Qb6 13. fxe6 fxe6 14. Ne2
Ne5 15. Nf4 Nc4 16. Bxc4 bxc4 17. Qc3 O-O 18. Nd4 d5 19. exd5 e5 20. Nfe6 exd4
21. Qg3+ Kf7 22. Qg7+ Ke8 23. Rhe1 c3 24. b3 Bxe6 25. Rxe6 Qc5 26. Rde1 Ra7 27.
Kd1 Kd8 28. Rxe7 Rxe7 29. Qxf8+ Kd7 30. Rxe7+ Qxe7 31. Qxe7+ Kxe7 32. Ke2 Kd6
33. Kd3 Kxd5 34. b4 1-0

[Event "Hastings Premier 1973/74 49th"]
[Site "Hastings"]
[Date "1973.12.27"]
[Round "1"]
[White "Suttles, Duncan"]
[Black "Gligoric, Svetozar"]
[Result "1/2-1/2"]
[WhiteElo "2485"]
[BlackElo "2595"]
[PlyCount "44"]
[EventDate "1973.12.27"]
[EventType "tourn"]
[EventRounds "15"]
[EventCountry "ENG"]
[EventCategory "9"]
[SourceTitle "Britbase"]

1. g3 g6 2. c4 c5 3. Nc3 Bg7 4. Rb1 Nc6 5. a3 d6 6. Bg2 Bf5 7. d3 Rc8 8. Bd2
Nf6 9. b4 b6 10. h3 O-O 11. Nf3 e5 12. O-O e4 13. Nh4 exd3 14. Nxf5 dxe2 15.
Qxe2 gxf5 16. Bxc6 Rxc6 17. b5 Rc8 18. Bg5 Qe8 19. Rfe1 Qxe2 20. Rxe2 Rfe8 21.
Rbe1 Re5 22. Bxf6 Bxf6 1/2-1/2

[Event "Hastings Premier 1973/74 49th"]
[Site "Hastings"]
[Date "1973.12.28"]
[Round "2"]
[White "Benko, Pal"]
[Black "Stean, Michael Frank"]
[Result "1/2-1/2"]
[WhiteElo "2530"]
[BlackElo "2320"]
[PlyCount "33"]
[EventDate "1973.12.27"]
[EventType "tourn"]
[EventRounds "15"]
[EventCountry "ENG"]
[EventCategory "9"]
[SourceTitle "Britbase"]

1. Nf3 c5 2. c4 g6 3. d4 cxd4 4. Nxd4 Nc6 5. e4 Nf6 6. Nc3 d6 7. f3 Bg7 8. Be3
O-O 9. Qd2 Nxd4 10. Bxd4 Be6 11. Be2 Qa5 12. O-O Rfc8 13. b3 b5 14. b4 Qxb4 15.
Rab1 Qa5 16. Rxb5 Qd8 17. Nd5 1/2-1/2

[Event "Hastings Premier 1973/74 49th"]
[Site "Hastings"]
[Date "1973.12.28"]
[Round "2"]
[White "Garcia Martinez, Silvino"]
[Black "Rellstab, Ludwig Jr"]
[Result "1-0"]
[WhiteElo "2450"]
[BlackElo "2200"]
[PlyCount "125"]
[EventDate "1973.12.27"]
[EventType "tourn"]
[EventRounds "15"]
[EventCountry "ENG"]
[EventCategory "9"]
[SourceTitle "Britbase"]

1. Nf3 Nf6 2. c4 e6 3. d4 c5 4. g3 cxd4 5. Nxd4 Nc6 6. Bg2 a6 7. O-O Be7 8. Nc3
O-O 9. h3 Bc5 10. Nb3 Bb4 11. Qc2 Re8 12. Be3 d5 13. Rad1 Bxc3 14. Qxc3 Qe7 15.
Bg5 dxc4 16. Qxc4 e5 17. Nc5 h6 18. Bxf6 Qxf6 19. e3 Qe7 20. Rd2 Nd8 21. Rfd1
Ne6 22. Nd7 Bxd7 23. Rxd7 Rad8 24. Rxd8 Rxd8 25. Rxd8+ Nxd8 26. Qc8 Kh7 27. h4
g6 28. h5 g5 29. b4 Kg7 30. a3 Kh7 31. Be4+ Kg7 32. Kg2 Kf8 33. Kf3 Kg7 34. Ke2
Qe8 35. Ke1 Qe7 36. Kf1 Qe8 37. Kg2 Qe7 38. Kg1 b6 39. Qxa6 Qc7 40. Qb5 Ne6 41.
a4 Qd6 42. Bc2 g4 43. Qc4 Ng5 44. Qxg4 Qd2 45. Bf5 Kf6 46. Kg2 Qd5+ 47. e4 Qb3
48. Bc8 Kg7 49. Qf5 Qxb4 50. Qxe5+ Kg8 51. Qe8+ Kg7 52. Bb7 Qc3 53. e5 Ne6 54.
Bd5 Ng5 55. e6 Qd3 56. Qc6 fxe6 57. Bxe6 Qe2 58. Qc3+ Kf8 59. Qf6+ Ke8 60. Bd5
Kd7 61. Qxh6 Qd2 62. Qc6+ Ke7 63. h6 1-0

[Event "Hastings Premier 1973/74 49th"]
[Site "Hastings"]
[Date "1973.12.28"]
[Round "2"]
[White "Gligoric, Svetozar"]
[Black "Hartston, William Roland"]
[Result "1/2-1/2"]
[WhiteElo "2595"]
[BlackElo "2470"]
[PlyCount "67"]
[EventDate "1973.12.27"]
[EventType "tourn"]
[EventRounds "15"]
[EventCountry "ENG"]
[EventCategory "9"]
[SourceTitle "Britbase"]

1. d4 Nf6 2. c4 g6 3. Nc3 d5 4. cxd5 Nxd5 5. e4 Nxc3 6. bxc3 Bg7 7. Bc4 O-O 8.
Ne2 Nc6 9. O-O b6 10. Be3 Bb7 11. Rc1 Qd6 12. e5 Nxe5 13. dxe5 Qc6 14. Bxf7+
Rxf7 15. f3 Bxe5 16. Bd4 Qd6 17. Bxe5 Qxe5 18. Nd4 Qc5 19. Kh1 e5 20. Nb3 Qc4
21. Re1 Re8 22. Qc2 Rf4 23. Nd2 Qf7 24. Re3 e4 25. Rce1 Bc6 26. Nxe4 Bxe4 27.
Rxe4 Rexe4 28. Rxe4 Rxe4 29. Qxe4 Qxa2 30. h3 Qf7 31. Qa8+ Kg7 32. Qxa7 Qc4 33.
Qa1 Kf7 34. Qe1 1/2-1/2

[Event "Hastings Premier 1973/74 49th"]
[Site "Hastings"]
[Date "1973.12.28"]
[Round "2"]
[White "Keene, Raymond Dennis"]
[Black "Kuzmin, Gennadi P"]
[Result "1/2-1/2"]
[WhiteElo "2445"]
[BlackElo "2575"]
[PlyCount "46"]
[EventDate "1973.12.27"]
[EventType "tourn"]
[EventRounds "15"]
[EventCountry "ENG"]
[EventCategory "9"]
[SourceTitle "Britbase"]

1. Nf3 Nf6 2. g3 b6 3. Bg2 Bb7 4. O-O g6 5. c4 c5 6. d4 cxd4 7. Qxd4 Bg7 8. Nc3
O-O 9. Qh4 d6 10. Bh6 Nbd7 11. Rac1 Rc8 12. b3 Rc5 13. Bxg7 Kxg7 14. Ne1 Qa8
15. Bxb7 Qxb7 16. Nd3 Ra5 17. Qd4 Nc5 18. Nb4 Ne6 19. Qd2 Nc7 20. Rfd1 Rc5 21.
Nd3 Rf5 22. Nf4 Rc5 23. Nd3 Rf5 1/2-1/2

[Event "Hastings Premier 1973/74 49th"]
[Site "Hastings"]
[Date "1973.12.28"]
[Round "2"]
[White "Miles, Anthony John"]
[Black "Suttles, Duncan"]
[Result "1/2-1/2"]
[WhiteElo "2375"]
[BlackElo "2485"]
[PlyCount "165"]
[EventDate "1973.12.27"]
[EventType "tourn"]
[EventRounds "15"]
[EventCountry "ENG"]
[EventCategory "9"]
[SourceTitle "Britbase"]

1. g3 g6 2. Bg2 Bg7 3. c4 Nc6 4. Nc3 d6 5. Rb1 a5 6. a3 f5 7. e3 Nf6 8. d3 O-O
9. Nge2 Ne5 10. O-O Nf7 11. b4 axb4 12. axb4 c6 13. b5 Bd7 14. Bb2 Qc7 15. Qd2
Ra5 16. Nd5 cxd5 17. b6 Qc5 18. Bd4 Qa3 19. Ra1 e5 20. Rxa3 Rxa3 21. Ra1 Rfa8
22. Qc1 Rxa1 23. Bxa1 Ra6 24. Qb1 Bc6 25. Bc3 Nd7 26. cxd5 Rxb6 27. Qa1 Bb5 28.
Nc1 Ba6 29. Bf1 Nf6 30. Qa2 Kf8 31. h3 Ke7 32. Kh2 Rb5 33. Bg2 Rc5 34. Bd2 e4
35. d4 Rc7 36. f4 exf3 37. Bxf3 Ng5 38. Be2 Nfe4 39. Kg2 Nxd2 40. Qxd2 Ne4 41.
Qb2 Bh6 42. Bxa6 bxa6 43. Ne2 Bxe3 44. Qb6 Rc2 45. Qb7+ Kf6 46. Kf3 Bh6 47. h4
g5 48. hxg5+ Nxg5+ 49. Kf2 Ne4+ 50. Kf1 Kg6 51. Qxa6 Kg5 52. Qd3 Rd2 53. Qf3
Ra2 54. Kg1 Nf6 55. Nc3 Ra1+ 56. Kg2 Kg6 57. Qe2 Ra3 58. Qb2 Ra8 59. Nb5 Rb8
60. Qe2 Re8 61. Qa2 Bf8 62. Qa6 Re2+ 63. Kf3 Rd2 64. Nxd6 Bxd6 65. Qxd6 Rd3+
66. Kg2 Rxd4 67. Qe6 Rxd5 68. Kf3 Rd3+ 69. Kf4 Rd4+ 70. Kf3 Re4 71. Qc6 Re1 72.
Qd6 h5 73. Kf2 Re4 74. Kf3 Rc4 75. Qe6 Rd4 76. Qc6 h4 77. gxh4 Rxh4 78. Qe6 Rd4
79. Qc6 Rd1 80. Kf4 Rf1+ 81. Ke5 Re1+ 82. Kf4 Re2 83. Kf3 1/2-1/2

[Event "Hastings Premier 1973/74 49th"]
[Site "Hastings"]
[Date "1973.12.28"]
[Round "2"]
[White "Pytel, Krzysztof"]
[Black "Adorjan, Andras"]
[Result "1/2-1/2"]
[WhiteElo "2390"]
[BlackElo "2515"]
[PlyCount "30"]
[EventDate "1973.12.27"]
[EventType "tourn"]
[EventRounds "15"]
[EventCountry "ENG"]
[EventCategory "9"]
[SourceTitle "Britbase"]

1. d4 g6 2. c4 Bg7 3. Nc3 c5 4. d5 d6 5. e4 Nf6 6. Bd3 O-O 7. Nge2 e6 8. O-O
exd5 9. exd5 Na6 10. Bg5 h6 11. Bh4 Nc7 12. h3 Re8 13. Qc2 Rb8 14. Rfe1 a6 15.
a4 Bd7 1/2-1/2

[Event "Hastings Premier 1973/74 49th"]
[Site "Hastings"]
[Date "1973.12.28"]
[Round "2"]
[White "Szabo, Laszlo"]
[Black "Tal, Mikhail"]
[Result "1/2-1/2"]
[WhiteElo "2565"]
[BlackElo "2660"]
[PlyCount "20"]
[EventDate "1973.12.27"]
[EventType "tourn"]
[EventRounds "15"]
[EventCountry "ENG"]
[EventCategory "9"]
[SourceTitle "Britbase"]

1. c4 e5 2. Nc3 Nf6 3. Nf3 Nc6 4. d4 exd4 5. Nxd4 Bc5 6. Nxc6 bxc6 7. g3 Rb8 8.
Bg2 Ba6 9. Qa4 Qc8 10. a3 O-O 1/2-1/2

[Event "Hastings Premier 1973/74 49th"]
[Site "Hastings"]
[Date "1973.12.29"]
[Round "3"]
[White "Adorjan, Andras"]
[Black "Keene, Raymond Dennis"]
[Result "1/2-1/2"]
[WhiteElo "2515"]
[BlackElo "2445"]
[PlyCount "30"]
[EventDate "1973.12.27"]
[EventType "tourn"]
[EventRounds "15"]
[EventCountry "ENG"]
[EventCategory "9"]
[SourceTitle "Britbase"]

1. c4 c5 2. Nc3 g6 3. g3 Bg7 4. Bg2 Nc6 5. e3 e6 6. Nge2 Nge7 7. O-O O-O 8. d4
cxd4 9. Nxd4 d5 10. cxd5 Nxd4 11. exd4 Nxd5 12. Nxd5 exd5 13. Qb3 Be6 14. Be3
Qd7 15. Rfc1 Rac8 1/2-1/2

[Event "Hastings Premier 1973/74 49th"]
[Site "Hastings"]
[Date "1973.12.29"]
[Round "3"]
[White "Basman, Michael John"]
[Black "Gligoric, Svetozar"]
[Result "0-1"]
[WhiteElo "2385"]
[BlackElo "2595"]
[PlyCount "112"]
[EventDate "1973.12.27"]
[EventType "tourn"]
[EventRounds "15"]
[EventCountry "ENG"]
[EventCategory "9"]
[SourceTitle "Britbase"]

1. e4 d6 2. d4 g6 3. Nc3 Bg7 4. Be3 Nf6 5. f3 O-O 6. Qd2 c6 7. a4 Nbd7 8. Nge2
e5 9. g4 d5 10. g5 Nh5 11. exd5 Nb6 12. Ng3 Nxd5 13. Nxd5 Qxd5 14. Nxh5 gxh5
15. O-O-O Qa2 16. Qb4 exd4 17. Bxd4 Rd8 18. Bc4 Qa1+ 19. Kd2 Rxd4+ 20. Ke2 Qxb2
21. Qxb2 Rxd1 22. Bxf7+ Kh8 23. Rxd1 Bxb2 24. Rd8+ Kg7 25. Bxh5 b6 26. Kf2 a5
27. c4 Be5 28. Re8 Bd6 29. Bg4 Bxg4 30. Rxa8 Be6 31. h4 Kg6 32. Rd8 Bc5+ 33.
Kg3 Bxc4 34. f4 Be6 35. Re8 Bd7 36. Rg8+ Kf7 37. Rb8 Bf5 38. h5 Bd4 39. Rb7+
Ke6 40. Rc7 Kd6 41. Rf7 Ke6 42. Rb7 Bd3 43. g6 hxg6 44. h6 b5 45. axb5 cxb5 46.
h7 g5 47. fxg5 a4 48. Rb6+ Kd5 49. g6 a3 50. Rb8 Bxg6 51. Rxb5+ Kc4 52. Ra5 Kb3
53. Rb5+ Ka4 54. Rd5 Bc3 55. Rc5 Be1+ 56. Kg4 Bxh7 0-1

[Event "Hastings Premier 1973/74 49th"]
[Site "Hastings"]
[Date "1973.12.29"]
[Round "3"]
[White "Kuzmin, Gennadi P"]
[Black "Benko, Pal"]
[Result "1-0"]
[WhiteElo "2575"]
[BlackElo "2530"]
[PlyCount "91"]
[EventDate "1973.12.27"]
[EventType "tourn"]
[EventRounds "15"]
[EventCountry "ENG"]
[EventCategory "9"]
[SourceTitle "Britbase"]

1. e4 d6 2. d4 g6 3. Nc3 Bg7 4. Be2 Nf6 5. Nf3 O-O 6. O-O Bg4 7. Be3 Nc6 8. d5
Bxf3 9. Bxf3 Ne5 10. Be2 c6 11. a4 Qc7 12. a5 a6 13. f4 Ned7 14. Bf3 cxd5 15.
exd5 Rfc8 16. Qe2 Qc4 17. Rfe1 Qxe2 18. Rxe2 Rc7 19. Na4 Re8 20. Rd1 Kf8 21. b3
h5 22. g3 Ng4 23. Bb6 Rcc8 24. h3 Nxb6 25. axb6 Nf6 26. g4 Nd7 27. gxh5 gxh5
28. Bxh5 Nc5 29. Nxc5 Rxc5 30. c4 a5 31. Ra2 Bc3 32. Rd3 Bb4 33. Rg3 e5 34.
Rag2 Ke7 35. fxe5 dxe5 36. Rg7 Rf8 37. Rf2 Rcc8 38. Rgxf7+ Rxf7 39. Rxf7+ Kd6
40. Rxb7 a4 41. Bg4 Rg8 42. bxa4 Kc5 43. Rc7+ Kxb6 44. Rc6+ Ka5 45. d6 Kxa4 46.
d7 1-0

[Event "Hastings Premier 1973/74 49th"]
[Site "Hastings"]
[Date "1973.12.29"]
[Round "3"]
[White "Rellstab, Ludwig Jr"]
[Black "Szabo, Laszlo"]
[Result "0-1"]
[WhiteElo "2200"]
[BlackElo "2565"]
[PlyCount "90"]
[EventDate "1973.12.27"]
[EventType "tourn"]
[EventRounds "15"]
[EventCountry "ENG"]
[EventCategory "9"]
[SourceTitle "Britbase"]

1. e4 c5 2. Nf3 d6 3. d4 cxd4 4. Nxd4 Nf6 5. Nc3 a6 6. g3 Bg4 7. f3 Bd7 8. Bg2
Nc6 9. Nb3 e6 10. O-O Be7 11. Be3 b5 12. f4 Rc8 13. h3 Qc7 14. Rc1 O-O 15. Ne2
Na5 16. Nxa5 Qxa5 17. a3 Bc6 18. Qd3 Qc7 19. Nd4 Ba8 20. Nb3 Rfd8 21. Kh2 e5
22. Bd2 Rd7 23. Ba5 Qb8 24. Bc3 Qb7 25. Rfe1 exf4 26. gxf4 Nh5 27. Qf3 g6 28.
Rf1 Bf6 29. Bxf6 Nxf6 30. Nd2 Re7 31. Qd3 Qb6 32. Rce1 Rce8 33. Bf3 Qc7 34. c3
Nd7 35. Qb1 Nc5 36. Kg2 Bc6 37. Qc2 Qb7 38. Kg3 f5 39. e5 dxe5 40. fxe5 Rxe5
41. Rxe5 Rxe5 42. b4 Qc7 43. Bxc6 Re3+ 44. Kg2 Qg3+ 45. Kh1 Re2 0-1

[Event "Hastings Premier 1973/74 49th"]
[Site "Hastings"]
[Date "1973.12.29"]
[Round "3"]
[White "Stean, Michael Frank"]
[Black "Timman, Jan H"]
[Result "1/2-1/2"]
[WhiteElo "2320"]
[BlackElo "2470"]
[PlyCount "82"]
[EventDate "1973.12.27"]
[EventType "tourn"]
[EventRounds "15"]
[EventCountry "ENG"]
[EventCategory "9"]
[SourceTitle "Britbase"]

1. e4 e6 2. d4 d5 3. Nc3 Bb4 4. e5 b6 5. Bd2 Qd7 6. Nf3 Bf8 7. Be2 Ne7 8. O-O
Nbc6 9. a4 Bb7 10. Nb5 a6 11. Na3 f6 12. exf6 gxf6 13. b4 Ng6 14. c3 Bd6 15.
Nc2 Nf4 16. Bxf4 Bxf4 17. Nfe1 O-O 18. Nd3 Bh6 19. f4 a5 20. b5 Ne7 21. Bg4
Rae8 22. Qe2 Nf5 23. Bxf5 exf5 24. Qh5 Bg7 25. Rf3 Qf7 26. Qh4 Re2 27. Ne3 Re8
28. Nxf5 Qg6 29. Ng3 R2e3 30. f5 Qh6 31. Qxh6 Bxh6 32. Raf1 c6 33. bxc6 Bxc6
34. Nh5 Kf7 35. Nhf4 b5 36. Rxe3 Rxe3 37. axb5 Bxb5 38. Rd1 Bxd3 39. Nxd3 Re2
40. Ra1 Be3+ 41. Kf1 Rd2 1/2-1/2

[Event "Hastings Premier 1973/74 49th"]
[Site "Hastings"]
[Date "1973.12.29"]
[Round "3"]
[White "Suttles, Duncan"]
[Black "Garcia Martinez, Silvino"]
[Result "1-0"]
[WhiteElo "2485"]
[BlackElo "2450"]
[PlyCount "77"]
[EventDate "1973.12.27"]
[EventType "tourn"]
[EventRounds "15"]
[EventCountry "ENG"]
[EventCategory "9"]
[SourceTitle "Britbase"]

1. g3 Nf6 2. c4 e5 3. d3 d5 4. cxd5 Qxd5 5. Nf3 e4 6. Nc3 Bb4 7. Qa4+ Qd7 8.
Qxb4 Nc6 9. Qc5 exf3 10. Bg5 Qd4 11. Qxd4 Nxd4 12. Bxf6 gxf6 13. Kd2 fxe2 14.
Nxe2 Nxe2 15. Bxe2 Be6 16. Rhe1 O-O-O 17. Bf1 Rd6 18. Re4 Rhd8 19. Rf4 f5 20.
Rh4 a5 21. Rc1 Rd4 22. Rxh7 Rb4 23. b3 a4 24. h4 axb3 25. axb3 f4 26. g4 Rxb3
27. g5 Kb8 28. Rc3 Rb2+ 29. Rc2 Rb1 30. Be2 f3 31. Bxf3 Bf5 32. Rxf7 Rxd3+ 33.
Ke2 Bg6 34. Rf8+ Ka7 35. Ra2+ Kb6 36. Rf6+ Rd6 37. Rxd6+ cxd6 38. h5 Bf7 39.
Rd2 1-0

[Event "Hastings Premier 1973/74 49th"]
[Site "Hastings"]
[Date "1973.12.29"]
[Round "3"]
[White "Tal, Mikhail"]
[Black "Pytel, Krzysztof"]
[Result "1-0"]
[WhiteElo "2660"]
[BlackElo "2390"]
[PlyCount "59"]
[EventDate "1973.12.27"]
[EventType "tourn"]
[EventRounds "15"]
[EventCountry "ENG"]
[EventCategory "9"]
[SourceTitle "Britbase"]

1. e4 e5 2. Nf3 Nc6 3. Bb5 a6 4. Ba4 Nf6 5. O-O b5 6. Bb3 Bb7 7. d3 h6 8. Nc3
g6 9. a4 b4 10. Nd5 Bg7 11. Bd2 a5 12. Qc1 Nd4 13. Nxd4 exd4 14. Nf4 g5 15. Ne2
O-O 16. f4 Ng4 17. fxg5 Ra6 18. Rf5 Rg6 19. h4 d5 20. Nf4 Qd6 21. Qd1 h5 22.
Bxd5 c6 23. Bb3 Bc8 24. Qf3 Re6 25. Bxe6 Bxe6 26. Nxe6 Qh2+ 27. Kf1 Qh1+ 28.
Ke2 Qxa1 29. Nxf8 Qxb2 30. Rxf7 1-0

[Event "Hastings Premier 1973/74 49th"]
[Site "Hastings"]
[Date "1973.12.30"]
[Round "4"]
[White "Benko, Pal"]
[Black "Timman, Jan H"]
[Result "1/2-1/2"]
[WhiteElo "2530"]
[BlackElo "2470"]
[PlyCount "35"]
[EventDate "1973.12.27"]
[EventType "tourn"]
[EventRounds "15"]
[EventCountry "ENG"]
[EventCategory "9"]
[SourceTitle "Britbase"]

1. Nf3 Nf6 2. c4 g6 3. Nc3 d5 4. cxd5 Nxd5 5. Qa4+ Bd7 6. Qc2 Nb6 7. d4 Bg7 8.
e4 Bg4 9. Ne5 Bxe5 10. dxe5 Nc6 11. Bb5 Bd7 12. e6 fxe6 13. Bxc6 Bxc6 14. O-O
Qd4 15. Rd1 Qf6 16. b3 O-O 17. Bb2 Qg5 18. Ne2 1/2-1/2

[Event "Hastings Premier 1973/74 49th"]
[Site "Hastings"]
[Date "1973.12.30"]
[Round "4"]
[White "Garcia Martinez, Silvino"]
[Black "Hartston, William Roland"]
[Result "0-1"]
[WhiteElo "2450"]
[BlackElo "2470"]
[PlyCount "81"]
[EventDate "1973.12.27"]
[EventType "tourn"]
[EventRounds "15"]
[EventCountry "ENG"]
[EventCategory "9"]
[SourceTitle "Britbase"]

1. d4 Nf6 2. c4 c5 3. d5 e5 4. Nc3 d6 5. e4 Be7 6. Bd3 Nbd7 7. a3 Nf8 8. h4 h5
9. g3 a6 10. a4 Ng6 11. Bd2 a5 12. Qc2 Nd7 13. Be2 Ngf8 14. O-O-O Nb8 15. Rf1
Na6 16. Qd1 g6 17. Nf3 Nb4 18. Ng5 f6 19. Nh3 f5 20. Ng5 Bf6 21. f3 Qb6 22.
exf5 gxf5 23. f4 e4 24. Nb5 Ke7 25. Bc3 Na2+ 26. Kc2 Nxc3 27. bxc3 Bd7 28. Bxh5
Bxb5 29. cxb5 c4 30. Qe2 Qc5 31. Ra1 Qxd5 32. g4 Qd3+ 33. Qxd3 cxd3+ 34. Kd2
Rc8 35. Rac1 d5 36. Bf7 Bxg5 37. fxg5 Kxf7 38. gxf5 Nd7 39. Ke3 Ne5 40. Kd4
Nf3+ 41. Kxd5 0-1

[Event "Hastings Premier 1973/74 49th"]
[Site "Hastings"]
[Date "1973.12.30"]
[Round "4"]
[White "Gligoric, Svetozar"]
[Black "Stean, Michael Frank"]
[Result "1-0"]
[WhiteElo "2595"]
[BlackElo "2320"]
[PlyCount "81"]
[EventDate "1973.12.27"]
[EventType "tourn"]
[EventRounds "15"]
[EventCountry "ENG"]
[EventCategory "9"]
[SourceTitle "Britbase"]

1. d4 Nf6 2. c4 g6 3. Nc3 d5 4. cxd5 Nxd5 5. e4 Nxc3 6. bxc3 Bg7 7. Bc4 O-O 8.
Ne2 Nc6 9. Be3 b6 10. Qd2 Bb7 11. Bh6 Bxh6 12. Qxh6 Na5 13. Bd3 e5 14. O-O Qe7
15. f4 f6 16. f5 Qg7 17. Qe3 Rae8 18. Ng3 g5 19. Bb5 Re7 20. Rad1 Qf7 21. d5 c6
22. Be2 Rd7 23. c4 Qe7 24. Rc1 Rc8 25. Rfd1 c5 26. Rc3 Ba6 27. Rdc1 Rd6 28. Nf1
Qe8 29. Ra3 Rc7 30. Nd2 Rd8 31. h4 gxh4 32. Qh6 Qf8 33. Qxh4 Rdd7 34. Kf2 Rg7
35. g4 Bc8 36. Rh1 Bd7 37. Nf3 Qe7 38. g5 fxg5 39. Qh6 Qf8 40. Nxe5 Bxf5 41.
Rf3 1-0

[Event "Hastings Premier 1973/74 49th"]
[Site "Hastings"]
[Date "1973.12.30"]
[Round "4"]
[White "Keene, Raymond Dennis"]
[Black "Tal, Mikhail"]
[Result "1/2-1/2"]
[WhiteElo "2445"]
[BlackElo "2660"]
[PlyCount "63"]
[EventDate "1973.12.27"]
[EventType "tourn"]
[EventRounds "15"]
[EventCountry "ENG"]
[EventCategory "9"]
[SourceTitle "Britbase"]

1. Nf3 c5 2. c4 g6 3. d4 Bg7 4. Nc3 cxd4 5. Nxd4 Nc6 6. e3 Nf6 7. Nc2 d6 8. Be2
Be6 9. e4 Nd7 10. Nd5 Nc5 11. f3 f5 12. exf5 Bxf5 13. O-O O-O 14. Nce3 e6 15.
Nxf5 gxf5 16. Nf4 Bd4+ 17. Kh1 e5 18. Nd5 f4 19. g3 Qg5 20. gxf4 exf4 21. b4
Kh8 22. Rg1 Qxg1+ 23. Qxg1 Bxg1 24. Kxg1 Nd7 25. Bb2+ Nce5 26. Rd1 Rf7 27. Rd4
Kg8 28. Nc7 Rc8 29. Nb5 Nc6 30. Rd5 Re7 31. Rg5+ Kf8 32. Rf5+ 1/2-1/2

[Event "Hastings Premier 1973/74 49th"]
[Site "Hastings"]
[Date "1973.12.30"]
[Round "4"]
[White "Kuzmin, Gennadi P"]
[Black "Adorjan, Andras"]
[Result "1/2-1/2"]
[WhiteElo "2575"]
[BlackElo "2515"]
[PlyCount "34"]
[EventDate "1973.12.27"]
[EventType "tourn"]
[EventRounds "15"]
[EventCountry "ENG"]
[EventCategory "9"]
[SourceTitle "Britbase"]

1. e4 e5 2. Nf3 Nc6 3. Bb5 a6 4. Ba4 Nf6 5. O-O Be7 6. Re1 b5 7. Bb3 d6 8. c3
O-O 9. h3 Nb8 10. d4 Nbd7 11. Nbd2 Bb7 12. Bc2 Re8 13. b4 Bf8 14. a4 a5 15.
bxa5 Rxa5 16. Rb1 Ba6 17. axb5 Rxb5 1/2-1/2

[Event "Hastings Premier 1973/74 49th"]
[Site "Hastings"]
[Date "1973.12.30"]
[Round "4"]
[White "Miles, Anthony John"]
[Black "Basman, Michael John"]
[Result "0-1"]
[WhiteElo "2375"]
[BlackElo "2385"]
[PlyCount "86"]
[EventDate "1973.12.27"]
[EventType "tourn"]
[EventRounds "15"]
[EventCountry "ENG"]
[EventCategory "9"]
[SourceTitle "Britbase"]

1. c4 f5 2. Nf3 Nf6 3. Nc3 e6 4. g3 Bb4 5. Bg2 O-O 6. Qc2 Bxc3 7. Qxc3 d6 8. d4
Nbd7 9. b3 Qe8 10. Bb2 Ne4 11. Qc2 Rb8 12. O-O b6 13. d5 e5 14. Nh4 Ndc5 15. b4
Qa4 16. Bxe4 fxe4 17. Qc3 Nd7 18. f4 exf3 19. exf3 Nf6 20. Rae1 Bh3 21. Ng2 b5
22. f4 bxc4 23. fxe5 dxe5 24. a3 Ng4 25. Qxc4 Kh8 26. Qc5 Rxf1+ 27. Rxf1 Rg8
28. Qc3 Qb5 29. Qf3 Qb6+ 30. Kh1 Bxg2+ 31. Qxg2 Ne3 32. Qf3 Nxf1 33. Qxf1 Qe3
34. Bc1 Qe4+ 35. Kg1 Qxd5 36. Be3 Rd8 37. Bxa7 Qd1 38. Bc5 Qxf1+ 39. Kxf1 Rd2
40. a4 Rxh2 41. a5 Ra2 42. Be7 Kg8 43. Bd8 c6 0-1